Normal view
MARC view
- Adullah,Ahsan
Entry Personal Name
001 - CONTROL NUMBER
- control field: 95920
003 - CONTROL NUMBER IDENTIFIER
- control field: NUST
005 - DATE AND TIME OF LATEST TRANSACTION
- control field: 20220730123926.0
008 - FIXED-LENGTH DATA ELEMENTS
- fixed length control field: 220730|| aca||aabn | a|a d
040 ## - CATALOGING SOURCE
- Original cataloging agency: NUST
- Transcribing agency: NUST
100 ## - HEADING--PERSONAL NAME
- Personal name: Adullah,Ahsan
670 ## - SOURCE DATA FOUND
- Source citation: Work cat.: (NUST)176486: Adullah,Ahsan, Internet & Pakistan /, 1996
